Book Reviews /
doi: http://dx.doi.org/10.5913/jarce.53.2017.r016
محفوظ في:
المؤلف الرئيسي:
التنسيق: كتاب
اللغة: Undetermined
الوصول للمادة أونلاين: Login to view Source
الوسوم: إضافة وسم
لا توجد وسوم, كن أول من يضع وسما على هذه التسجيلة!
رقم الطلب:
| LEADER | 00438nam a2200109Ia 4500 | ||
|---|---|---|---|
| 008 | 220712s9999||||xx |||||||||||||| ||und|| | ||
| 100 | 1 | |a Reviews, Book. | |
| 245 | 1 | 0 | |a Book Reviews / |c Book Reviews. |
| 520 | 3 | |a doi: http://dx.doi.org/10.5913/jarce.53.2017.r016 | |
| 856 | 4 | |u https://lockwoodonlinejournals.com/index.php/jarce/workflow/access/235 | |
| 952 | |0 0 |1 0 |4 0 |7 1 |9 42378 |a JARCE |b JARCE |d 2022-08-09 |l 0 |r 2022-08-09 00:00:00 |w 2022-08-09 |y PT | ||
| 999 | |c 49141 |d 49141 | ||
